000 00422ntaaa2200169 4500
003 01
005 20251027202319.0
008 0714s1973 ag 01
040 _aAR-BaBN
_bspa
_cAR-BaBN
_eaacr
_dRIC
082 _a280.1000 W89
100 _aWorld Council of Churches
_918625
245 _aSigns of renewal
250 _a1 ed.
260 _aGeneva :
_bWorld Council of Churches,
_c1956, 1957
300 _a63 p
942 _cBK
999 _c17958
_d17958